| 000 | 01011cam a2200217 4500 | ||
|---|---|---|---|
| 001 | WB@3612-441 | ||
| 008 | 040714n2004 000 0 eng u | ||
| 035 | _a(Sirsi) u126766 | ||
| 245 | _aHouse price index May 2004 | ||
| 260 | _c2004 | ||
| 490 |
_aODPM News Release _v(004/0161) 12 July 2004 (3) |
||
| 520 | _aThe latest figures in the "ODPM house price index" for May 2004 show a small increase in the average house price in the UK. It stood at £170 719, up from £168 000 the previous month. House price inflation was up from 10% in April 2004 to 12.2% in May. The index also provides further information on house prices throughout the regions and the average house price for first-time buyers. View the report at: http://www.odpm.gov.uk/pns/DisplayPN.cgi?pn_id=200 4_0161. | ||
| 590 | _aWB | ||
| 590 | _aWB | ||
| 650 | _aHOUSE PRICE INFLATION | ||
| 650 | _aHOUSING-MARKET | ||
| 650 | _aHOUSE PRICE STATISTICS | ||
| 650 | _aHOUSE PRICE INDEX | ||
| 690 | _aHOUSING-HOUSE PRICES | ||
| 942 | _n0 | ||
| 999 |
_c117688 _d117688 |
||